<?xml version="1.0" encoding="UTF-8"?>
<record
    xmlns:xsi="http://www.w3.org/2001/XMLSchema-instance"
    xsi:schemaLocation="http://www.loc.gov/MARC21/slim http://www.loc.gov/standards/marcxml/schema/MARC21slim.xsd"
    xmlns="http://www.loc.gov/MARC21/slim">

  <leader>02066cam a2200277 a 4500</leader>
  <controlfield tag="003">EG-GiCUC</controlfield>
  <controlfield tag="005">20250223031001.0</controlfield>
  <controlfield tag="008">140512s2013    ua d   f m    000 0 ara d</controlfield>
  <datafield tag="040" ind1=" " ind2=" ">
    <subfield code="a">EG-GiCUC</subfield>
    <subfield code="b">ara</subfield>
    <subfield code="c">EG-GiCUC</subfield>
  </datafield>
  <datafield tag="041" ind1="0" ind2=" ">
    <subfield code="a">ara</subfield>
  </datafield>
  <datafield tag="049" ind1=" " ind2=" ">
    <subfield code="a">&#x625;&#x647;&#x62F;&#x627;&#x621;</subfield>
  </datafield>
  <datafield tag="097" ind1=" " ind2=" ">
    <subfield code="a">&#x645;&#x627;&#x62C;&#x633;&#x62A;&#x64A;&#x631;</subfield>
  </datafield>
  <datafield tag="099" ind1=" " ind2=" ">
    <subfield code="a">Cai01.32.04.M.Sc.2013.&#x62D;&#x64A;.&#x623;</subfield>
  </datafield>
  <datafield tag="100" ind1="0" ind2=" ">
    <subfield code="a">&#x62D;&#x64A;&#x62F;&#x631; &#x639;&#x644;&#x64A;&#x648;&#x64A; &#x634;&#x627;&#x645;&#x64A; &#x627;&#x644;&#x633;&#x627;&#x639;&#x62F;&#x64A;</subfield>
  </datafield>
  <datafield tag="245" ind1="1" ind2="0">
    <subfield code="a">&#x623;&#x635;&#x644;&#x627;&#x62D; &#x647;&#x64A;&#x643;&#x644; &#x627;&#x644;&#x646;&#x641;&#x642;&#x627;&#x62A; &#x627;&#x644;&#x639;&#x627;&#x645;&#x629; &#x648; &#x62F;&#x648;&#x631;&#x647;&#x627; &#x641;&#x64A; &#x633;&#x64A;&#x627;&#x633;&#x629; &#x627;&#x644;&#x62A;&#x62D;&#x648;&#x644; &#x627;&#x644;&#x627;&#x642;&#x62A;&#x635;&#x627;&#x62F;&#x64A; &#x641;&#x64A; &#x627;&#x644;&#x639;&#x631;&#x627;&#x642; &#x644;&#x644;&#x645;&#x62F;&#x629; 1995 - 2012/ </subfield>
    <subfield code="c">&#x62D;&#x64A;&#x62F;&#x631; &#x639;&#x644;&#x64A;&#x648;&#x64A; &#x634;&#x627;&#x645;&#x64A; &#x627;&#x644;&#x633;&#x627;&#x639;&#x62F;&#x64A; &#x61B; &#x625;&#x634;&#x631;&#x627;&#x641; &#x628;&#x627;&#x647;&#x631; &#x645;&#x62D;&#x645;&#x62F; &#x639;&#x62A;&#x644;&#x645;</subfield>
  </datafield>
  <datafield tag="246" ind1="1" ind2="5">
    <subfield code="a">Reforming the structure of public expenditures and its role in economic transformation policy in Iraq for the period (1995-2012)</subfield>
  </datafield>
  <datafield tag="260" ind1=" " ind2=" ">
    <subfield code="a">&#x627;&#x644;&#x642;&#x627;&#x647;&#x631;&#x629; : </subfield>
    <subfield code="b">&#x62D;&#x64A;&#x62F;&#x631; &#x639;&#x644;&#x64A;&#x648;&#x64A; &#x634;&#x627;&#x645;&#x64A; &#x627;&#x644;&#x633;&#x627;&#x639;&#x62F;&#x64A; : </subfield>
    <subfield code="c">2013</subfield>
  </datafield>
  <datafield tag="300" ind1=" " ind2=" ">
    <subfield code="a">143 &#x635; : </subfield>
    <subfield code="b">&#x631;&#x633;&#x648;&#x645; &#x628;&#x64A;&#x627;&#x646;&#x64A;&#x629; &#x61B; </subfield>
    <subfield code="c">25&#x633;&#x645;</subfield>
  </datafield>
  <datafield tag="502" ind1=" " ind2=" ">
    <subfield code="a">&#x627;&#x637;&#x631;&#x648;&#x62D;&#x629; (&#x645;&#x627;&#x62C;&#x633;&#x62A;&#x64A;&#x631;) - &#x62C;&#x627;&#x645;&#x639;&#x629; &#x627;&#x644;&#x62F;&#x648;&#x644; &#x627;&#x644;&#x639;&#x631;&#x628;&#x64A;&#x629; (&#x627;&#x644;&#x645;&#x646;&#x638;&#x645;&#x629; &#x627;&#x644;&#x639;&#x631;&#x628;&#x64A;&#x629; &#x644;&#x644;&#x62A;&#x631;&#x628;&#x64A;&#x629; &#x648; &#x627;&#x644;&#x62B;&#x642;&#x627;&#x641;&#x629; &#x648; &#x627;&#x644;&#x639;&#x644;&#x648;&#x645;) - &#x645;&#x639;&#x647;&#x62F; &#x627;&#x644;&#x628;&#x62D;&#x648;&#x62B; &#x648; &#x627;&#x644;&#x62F;&#x631;&#x627;&#x633;&#x627;&#x62A; &#x627;&#x644;&#x639;&#x631;&#x628;&#x64A;&#x629; - &#x642;&#x633;&#x645; &#x627;&#x644;&#x62F;&#x631;&#x627;&#x633;&#x627;&#x62A; &#x627;&#x644;&#x627;&#x642;&#x62A;&#x635;&#x627;&#x62F;&#x64A;&#x629;</subfield>
  </datafield>
  <datafield tag="520" ind1=" " ind2=" ">
    <subfield code="a">&#x627;&#x62D;&#x62A;&#x644; &#x645;&#x648;&#x636;&#x648;&#x639; &#x625;&#x635;&#x644;&#x627;&#x62D; &#x627;&#x644;&#x623;&#x646;&#x641;&#x627;&#x642; &#x627;&#x644;&#x62D;&#x643;&#x648;&#x645;&#x64A; &#x645;&#x631;&#x643;&#x632;&#x622; &#x623;&#x633;&#x627;&#x633;&#x64A;&#x627; &#x641;&#x64A; &#x627;&#x642;&#x62A;&#x635;&#x627;&#x62F;&#x64A;&#x627;&#x62A; &#x627;&#x644;&#x62F;&#x648;&#x644; &#x627;&#x644;&#x645;&#x62A;&#x642;&#x62F;&#x645;&#x629; &#x648; &#x627;&#x644;&#x646;&#x627;&#x645;&#x64A;&#x629; &#x648; &#x630;&#x644;&#x643; &#x644;&#x623;&#x647;&#x645;&#x64A;&#x629; &#x627;&#x644;&#x627;&#x646;&#x641;&#x627;&#x642; &#x627;&#x644;&#x62D;&#x643;&#x648;&#x645;&#x64A; &#x628;&#x627;&#x639;&#x62A;&#x628;&#x627;&#x631;&#x647; &#x627;&#x62D;&#x62F; &#x627;&#x644;&#x648;&#x633;&#x627;&#x626;&#x644; &#x627;&#x644;&#x62A;&#x64A; &#x62A;&#x644;&#x62C;&#x623; &#x627;&#x644;&#x62F;&#x648;&#x644;&#x629; &#x627;&#x644;&#x649; &#x627;&#x633;&#x62A;&#x62E;&#x62F;&#x627;&#x645;&#x647;&#x627; &#x628;&#x647;&#x62F;&#x641; &#x62A;&#x62D;&#x642;&#x64A;&#x642; &#x62F;&#x648;&#x631;&#x647;&#x627; &#x641;&#x64A; &#x627;&#x644;&#x645;&#x62C;&#x627;&#x644;&#x627;&#x62A; &#x627;&#x644;&#x627;&#x642;&#x62A;&#x635;&#x627;&#x62F;&#x64A;&#x629; &#x648; &#x627;&#x644;&#x645;&#x627;&#x644;&#x64A;&#x629; &#x648; &#x627;&#x644;&#x627;&#x62C;&#x62A;&#x645;&#x627;&#x639;&#x64A;&#x629; &#x648; &#x627;&#x644;&#x633;&#x64A;&#x627;&#x633;&#x64A;&#x629; : &#x625;&#x630; &#x64A;&#x639;&#x643;&#x633; &#x62C;&#x645;&#x64A;&#x639; &#x627;&#x644;&#x623;&#x646;&#x634;&#x637;&#x629; &#x627;&#x644;&#x639;&#x627;&#x645;&#x629; &#x648; &#x64A;&#x628;&#x64A;&#x646; &#x628;&#x631;&#x627;&#x645;&#x62C; &#x627;&#x644;&#x62D;&#x643;&#x648;&#x645;&#x629; &#x641;&#x64A; &#x627;&#x644;&#x645;&#x64A;&#x627;&#x62F;&#x64A;&#x646; &#x627;&#x644;&#x645;&#x62E;&#x62A;&#x644;&#x641;&#x629; &#x644;&#x62A;&#x644;&#x628;&#x64A;&#x629; &#x627;&#x644;&#x62D;&#x627;&#x62C;&#x627;&#x62A; &#x627;&#x644;&#x639;&#x627;&#x645;&#x629; &#x645;&#x646; &#x623;&#x62C;&#x644; &#x62A;&#x62D;&#x642;&#x64A;&#x642; &#x623;&#x642;&#x635;&#x649; &#x646;&#x641;&#x639; &#x645;&#x645;&#x643;&#x646;</subfield>
  </datafield>
  <datafield tag="700" ind1="0" ind2=" ">
    <subfield code="a">&#x628;&#x627;&#x647;&#x631; &#x645;&#x62D;&#x645;&#x62F; &#x639;&#x62A;&#x644;&#x645; : </subfield>
    <subfield code="e">&#x645;&#x634;&#x631;&#x641;</subfield>
  </datafield>
  <datafield tag="856" ind1=" " ind2=" ">
    <subfield code="u">http://172.23.153.220/th.pdf</subfield>
  </datafield>
  <datafield tag="905" ind1=" " ind2=" ">
    <subfield code="a">Enas</subfield>
    <subfield code="e">Cataloger</subfield>
  </datafield>
  <datafield tag="905" ind1=" " ind2=" ">
    <subfield code="a">Nazla</subfield>
    <subfield code="e">Revisor</subfield>
  </datafield>
  <datafield tag="942" ind1=" " ind2=" ">
    <subfield code="2">ddc</subfield>
    <subfield code="c">TH</subfield>
  </datafield>
  <datafield tag="999" ind1=" " ind2=" ">
    <subfield code="c">46026</subfield>
    <subfield code="d">46026</subfield>
  </datafield>
  <datafield tag="952" ind1=" " ind2=" ">
    <subfield code="2">ddc</subfield>
    <subfield code="7">0</subfield>
    <subfield code="a">CUCL</subfield>
    <subfield code="b">cl210</subfield>
    <subfield code="d">2024-02-11</subfield>
    <subfield code="o">Cai01.32.04.M.Sc.2013.&#x62D;&#x64A;.&#x623;</subfield>
    <subfield code="p">01010100018888000</subfield>
    <subfield code="r">2023-09-22 00:00:00</subfield>
    <subfield code="y">TH</subfield>
  </datafield>
</record>
